| 000 | 00865nam a22002297a 4500 | ||
|---|---|---|---|
| 999 |
_c4327 _d4327 |
||
| 003 | AR-CdUCM | ||
| 008 | 190308b ||||| |||| 00| 0 spa d | ||
| 040 |
_aMUNICIPALIDAD PROVINCIAL DEL CUSCO _cBIBLIOTECA MUNICIPAL DEL CUSCO |
||
| 082 |
_a791.4185 / _bN94 |
||
| 100 |
_aNuñez Gorritti, Violeta _913671 |
||
| 245 |
_aPitas y alambre : _bla época de oro del cine peruano 1963-1950 / |
||
| 260 |
_aLima : _bCamilo Blanco, _c1940. |
||
| 300 |
_a276 páginas ; _bimágenes. _c20 cm. |
||
| 440 |
_aColección de arena _913672 |
||
| 505 | _aEl cine en el Perú -- Los inicios del espectáculo cinematográfico -- La época de oro de 1936 - 1950 -- Producción de la época de oro... | ||
| 650 |
_aPerú. _935 |
||
| 650 |
_aCine. _913177 |
||
| 650 |
_aÉpoca de oro. _913673 |
||
| 650 |
_aCinematográfica. _913674 |
||
| 942 |
_2ddc _cLIBROS |
||
| 945 |
_awfj _d2019-03-08 |
||